Az 1642-ik évi szőnyi békekötés története
Elmentve itt :
| Szerző: | |
|---|---|
| Dokumentumtípus: | Cikk |
| Megjelent: |
1885
|
| Sorozat: | Kolligátum
|
| Kulcsszavak: | Békeszerződés - Szőny - 1642, Külpolitika - osztrák - 17. sz. |
| Online Access: | http://misc.bibl.u-szeged.hu/22726 |
| LEADER | 00592nab a2200169 i 4500 | ||
|---|---|---|---|
| 001 | misc22726 | ||
| 005 | 20191111110649.0 | ||
| 008 | 170718s1885 hu o 0|| zxx d | ||
| 040 | |a SZTE Miscellanea Repozitórium |b hun | ||
| 041 | |a zxx | ||
| 100 | 1 | |a Majláth Béla | |
| 245 | 1 | 3 | |a Az 1642-ik évi szőnyi békekötés története |h [elektronikus dokumentum] / |c Majláth Béla |
| 260 | |c 1885 | ||
| 300 | |a 1-122 | ||
| 490 | 0 | |a Kolligátum | |
| 695 | |a Békeszerződés - Szőny - 1642, Külpolitika - osztrák - 17. sz. | ||
| 856 | 4 | 0 | |u http://misc.bibl.u-szeged.hu/22726/1/18980_001-122.pdf |z Dokumentum-elérés |